100 Mots soutenu en Français - Statistiques

Statistiques générales
  • Ce quiz a été pris 26 fois
  • Le résultat moyen est 6 sur 100
Statistiques - réponses
Réponse Hint % Correct
kafkaïen qui évoque l’atmosphère des œuvres de Kafka
37%
ubuesque qui évoque le grotesque du père Ubu (cruauté, cynisme…)
37%
laconique qui s’exprime en peu de mots
32%
loquace personne parlant beaucoup
32%
volubile qui parle beaucoup, vite et avec aisance
32%
affable aimable, courtois, accueillant
26%
ineffable qui est impossible de nommer ou décrire
26%
inique qui manque à l’équité
16%
obséquieux qui marque un excès de respect
16%
tacite implicite, sous-entendu
16%
abouti réussi
11%
adamantin qui a l’éclat, la dureté du diamant
11%
coi qui demeure calme, tranquille et silencieux
11%
exsangue qui a perdu beaucoup de sang, livide
11%
frugal qui se nourrit de peu
11%
hâbleur qui parle beaucoup et se vante
11%
inénarrable qui ne peut être raconter
11%
léonin qui est propre au lion, qui rappelle le lion
11%
magnanime qui pardonne les injures
11%
nimbé entouré d’un halo
11%
ostensible qui est fait avec l’intention d’être vu
11%
sagace clairvoyant, perspicace, fin
11%
univoque qui garde le même sens
11%
vindicatif qui est porté à se venger
11%
volage dont les sentiments sont changeants
11%
abscons compréhensible que des initiés
5%
bigarré bariolé, disparate, hétéroclite
5%
bigot qui est d’une dévotion excessive
5%
caustique qui est cinglant, blessant
5%
contrit qui regrette ses fautes
5%
dantesque sublime, grandiose mais terrifiant
5%
délétère qui corrompt l’esprit, nuisible
5%
dévot qui est zélé pour la religion
5%
dilatoire qui tend à gagner du temps
5%
docte qui a des connaissances étendues
5%
éthéré qui est extrêmement léger, délicat
5%
fantasmagorique qui relève du surnaturel
5%
fat qui est imbu de lui-même
5%
hétérodoxe qui s’écarte des idées reçues
5%
idéel qui est relatif au monde des idées
5%
imparti qui est accordé à quelqu’un
5%
impérieux qui commande de façon absolue
5%
importun qui arrive mal à propos
5%
inéluctable contre quoi on ne peut pas lutter
5%
lénifiant qui ôte toute énergie
5%
maussade qui inspire l’ennui
5%
mercantile se dit de tout ce qui est relatif au commerce
5%
oblatif désintéressé. contraire de captatif
5%
obtus qui manque de finesse, qui est borné
5%
prodigue qui dépense sans mesure, follement
5%
pusillanime qui manque d’audace, de courage
5%
sardonique qui exprime une moquerie insultante
5%
sibyllin dont le sens est obscur, ésotérique
5%
suranné appartenant à une époque révolue
5%
tutélaire se dit d’une divinité protectrice
5%
ubiquiste qui est partout à la fois
5%
veule qui manque d’énergie, de courage
5%
vexatoire qui vexe
5%
agonistique caractérisé par l’affrontement
0%
ampoulé qui est plein d’emphase et d’exagération
0%
ankylosé engourdi, qui a un défaut de souplesse
0%
archangélique qui évoque la perfection de l’archange
0%
cabotin qui manque de naturel
0%
chicaneur qui cherche la querelle
0%
comminatoire menaçant
0%
concomitant qui a lieu en même temps
0%
conjuratoire qui sert à écarter un danger
0%
crisogène qui provoque une crise
0%
ébaubissant étonnant, stupéfiant
0%
fieffé qui possède quelque chose au plus haut degré
0%
idoine qui convient parfaitement
0%
ignominieux qui cause l’indignité
0%
imbu qui est profondément pénétré de
0%
immanent qui existe de lui-même
0%
imprécatoire qui souhaite le malheur
0%
incisif qui blesse profondément
0%
indolent qui ne se donne pas de mal
0%
indu qui est contre la règle, l’usage, la raison
0%
infinitésimal qui est extrêmement petit
0%
labile instable, inconstant
0%
licencieux impudique, indécent
0%
munificent très généreux
0%
œcuménique qui est universel
0%
oiseux qui ne sert à rien, qui est vide de sens
0%
patent qui est connu de tous
0%
primesautier très impulsif
0%
prosaïque qui est dépourvu de noblesse, de raffinement
0%
replet qui est bien en chair
0%
rétif qui ne répond pas aux sollicitations
0%
roboratif qui redonne des forces
0%
saturnien caractère triste ou mélancolique
0%
scabreux qui est dangereux, choquant
0%
scriptural qui est relatif au code écrit
0%
spécieux qui est destiné à tromper
0%
subsidiaire accessoire, annexe
0%
superfétatoire qui s’ajoute sans rien apporter
0%
tangible que chacun peut constater
0%
tracassier qui cause des tracas à autrui
0%
velléitaire incapable de décider et de passer aux actes
0%
véniel qui a peu de gravité, peut être pardonné
0%
Aucun quiz correspondant
Distribution des résultats
% des personnes avec chaque résultat
Percentile par nombre de réponses
Votre historique - résultats
Vous n’avez pas pris ce quiz